Nationalisme, antisémitisme et fascisme en France /

Bibliographic Details
Main Author: Winock, Michel
Format: Book
Language:French
Published: Paris : Seuil, [1990]
Series:Collection Points. Série Histoire ; H131
Subjects:

MARC

Tag First Indicator Second Indicator Subfields
LEADER 00000cam a2200000 a 4500
001 in00001237211
005 20151003062343.0
008 910823s1990 fr b 001 0dfre
010 |a  91187365  
019 |a 21565901 
020 |a 2020116286 
035 |a (OCoLC)25509252 
035 |9 AGS7505AM 
040 |a DLC  |c DLC  |d FCI  |d PIT  |d TXA  |d UtOrBLW 
043 |a e-fr--- 
049 |a TXAM 
050 0 0 |a DC369  |b .W56 1990 
082 0 0 |a 944.08  |2 20 
100 1 |a Winock, Michel. 
245 1 0 |a Nationalisme, antisémitisme et fascisme en France /  |c Michel Winock. 
264 1 |a Paris :  |b Seuil,  |c [1990] 
300 |a 444 pages ;  |c 18 cm. 
336 |a text  |b txt  |2 rdacontent 
337 |a unmediated  |b n  |2 rdamedia 
338 |a volume  |b nc  |2 rdacarrier 
490 0 |a Collection Points. Série Histoire ;  |v H131 
504 |a Includes bibliographical references and index. 
651 0 |a France  |x Politics and government  |y 20th century. 
650 0 |a Nationalism  |z France. 
650 0 |a Antisemitism  |z France. 
650 0 |a Nationalists  |z France  |x Biography. 
650 7 |a Nationalisme  |z France.  |2 ram 
650 7 |a Antisémitisme  |z France.  |2 ram 
650 7 |a Fascisme  |z France.  |2 ram 
999 |a MARS 
999 f f |s f75d0016-7091-3158-b0b7-be2c2ce48893  |i 537b4c10-b4a1-31cb-923b-6487dd489aaf  |t 0 
952 f f |p ric  |a Texas A&M University  |b Rellis Campus  |c Joint Library Facility  |d Remote Storage  |t 0  |e DC369 .W56 1990  |h Library of Congress classification  |i unmediated -- volume  |m A14819542692 
998 f f |a DC369 .W56 1990  |t 0  |l Remote Storage